| 000 | 00479nam a2200193Ia 4500 | ||
|---|---|---|---|
| 008 | 151119s9999||||xx |||||||||||||| ||und|| | ||
| 082 | _a891.463 | ||
| 082 | _bGKKV20363 | ||
| 100 | _aदेसाई रणजित | ||
| 245 | _aअभोगी | ||
| 260 | _a-- | ||
| 260 | _b-- | ||
| 260 | _c0 | ||
| 600 | _aदेसाई रणजित | ||
| 630 | _aअभोगी | ||
| 700 | _aदेसाई रणजित | ||
| 730 | _aअभोगी | ||
| 942 | _cBOOK | ||
| 999 |
_c1073244 _d1073241 |
||